000
00246nam a22001097a 4500
008
160507b xxu||||| |||| 00| 0 eng d
020
_a
9780323068628
041
_a
eng
080
_a
616
245
_a
Pathology:
_c
Edward F. Goljan;
942
_2
udc
_c
BK
999
_c
1885
_d
1885